A star of India, Flora Annie Steel: (Record no. 60801)

MARC details
000 -LEADER
fixed length control field 00678cam a22002291 4500
001 - CONTROL NUMBER
control field sa 64008310
003 - CONTROL NUMBER IDENTIFIER
control field DLC
005 - DATE AND TIME OF LATEST TRANSACTION
control field 20260227112053.0
008 - FIXED-LENGTH DATA ELEMENTS--GENERAL INFORMATION
fixed length control field 920305s1963 ii c b 000 0beng
010 ## - LIBRARY OF CONGRESS CONTROL NUMBER
LC control number sa 64008310
035 ## - SYSTEM CONTROL NUMBER
System control number (OCoLC)27414665
040 ## - CATALOGING SOURCE
Original cataloging agency DLC
Transcribing agency PU
Modifying agency OC
-- DLC
042 ## - AUTHENTICATION CODE
Authentication code premarc
050 00 - LIBRARY OF CONGRESS CALL NUMBER
Classification number PR5473.S135
Item number Z8
100 1# - MAIN ENTRY--PERSONAL NAME
Personal name Patwardhan, Daya.
245 12 - TITLE STATEMENT
Title A star of India, Flora Annie Steel:
Remainder of title her works and times.
250 ## - EDITION STATEMENT
Edition statement [1st ed.
260 ## - PUBLICATION, DISTRIBUTION, ETC.
Place of publication, distribution, etc. Bombay]
Name of publisher, distributor, etc. Sole agents: A. V. Griha Prakashan, Poona,
Date of publication, distribution, etc. 1963.
300 ## - PHYSICAL DESCRIPTION
Extent iv, 219 p.
Other physical details port.
Dimensions 22 cm.
500 ## - GENERAL NOTE
General note Bibliography: p. [209]-219.
600 10 - SUBJECT ADDED ENTRY--PERSONAL NAME
Personal name Steel, Flora Annie Webster,
Dates associated with a name 1847-1929.

No items available.

Powered by Koha